000 00968nam a22003137a 4500
001 0055595
003 KOHA_MİRAKIL
005 20260207004024.0
007 ta
008 160215b2014 tu a|||gr||||#||||0|tur |
020 _a9789752500365
040 _aTR-BiSEU
_btur
_cTR-BiSEU
_erda
041 0 _atur
044 _ctu
050 _aJX1391
_b.R67 2014
100 1 _aRoskin, Michael G..
245 1 _aUluslararası ilişkiler: Uİ'nin Yeni Dünyası/
_cMichael G. Roskin ; Roskin, Michael G. , Nicholas Berry ; çeviren Özlem Şimşek.
264 1 _aAnkara :
_bLiberte
_c2014
300 _a481 sayfa :
_bresimli ;
_c24 cm.
336 _ametin
_btxt
_2rdacontent
337 _aaracısız
_bn
_2rdamedia
338 _acilt
_bnc
_2rdacarrier
490 1 _aAdres Yayınları ;
_v38.
500 _aDizin var.
650 0 _aSoğuk Savaş.
_989620
650 0 _aBirleşmiş Milletler.
_942785
830 1 _aAdres Yayınları ;
_v38.
_917676
942 _2lcc
_cBK
999 _c55403
_d55403